000 00915nam a2200229Ia 4500
001 L282-31943
003 IT-CnALBA
008 170116s9999||||xx |||||||||||||| ||und||
040 _aIT-CnALBA
_cIT-CnALBA
041 _aITALIANO
100 _aMCALL KENNETH, DR.
245 0 _aLA GUARIGIONE DALLE INFESTAZIONI.
250 _a1a ed.
260 _a UDINE
_bSEGNO, EDIZIONI
_c1996 [1° Ed.:1996 - Ed.Ling.Originale: 1989]
300 _a155 p.
500 _aINCONTRI CON GLI SPIRITI. LIBERAZIONE DALLE INFESTAZIONI DI LUOGHI E PERSONE. ESEMPI DI LIBERAZIONE DALLE INFESTAZIONI.
501 _aSocietà San Paolo EM - Piazza San Paolo, 14 - 12051 ALBA (CN) (non commercial uses only) ® Copyright 2017
520 _aINCONTRI CON GLI SPIRITI. LIBERAZIONE DALLE INFESTAZIONI DI LUOGHI E PERSONE. ESEMPI DI LIBERAZIONE DALLE INFESTAZIONI.
650 _aCHIESA CATTOLICA
942 _cBK
957 _71
999 _a36711
_bNO
_g Copie: 1
_c290775
_d290775